| 000 | 01036nam a22002297a 4500 | ||
|---|---|---|---|
| 999 |
_c4268 _d4268 |
||
| 003 | OSt | ||
| 005 | 20250204140639.0 | ||
| 008 | 250204b ||||| |||| 00| 0 eng d | ||
| 020 | _a9789620434686 | ||
| 040 | _cKH8 | ||
| 082 | _a495.1 MA | ||
| 100 |
_aMa, Yamin, _eauthor. |
||
| 245 |
_aChinese Made Easy: _bWorkbook 4 / _cYamin Ma and Xinying Li. |
||
| 260 |
_aHong Kong ; _bJoint Publishing (H. K.) Co., Ltd. , _c2015. |
||
| 300 |
_a203 pages: _billustrations ; _c28 cm. |
||
| 490 |
_aChinese Made Easy _v4 |
||
| 520 | _aChinese Made Easy (Book 1-7) adopts a unique approach to teaching Chinese as a foreign/second language. The teaching approach adapts widely-accepted foreign language teaching theories to the teaching of the Chinese Language. This series is designed for young students taking exams such as SAT II, IGCSE, IB, HSK or for those students who are starting to learn Chinese on their own. | ||
| 650 |
_aMandarin _vpractice book |
||
| 650 |
_aMandarin _vassessment |
||
| 700 |
_aLi, Xinyi, _eauthor. |
||
| 942 |
_2ddc _cNFIC |
||